000 00435nam a2200133Ia 4500
008 230917s9999||||xx |||||||||||||| ||und||
040 _e108720
_aMAIN
041 _aEnglish
082 _a617.8 B11E
100 _aBhatia, Vipin Kumar
245 0 _aEvaluate the efficacy of bipedicled strip of external oblique aponeurosis for augmentation of posterior wall of inguinal canal in inguinal herneia repair
300 _a74 p.
942 _cTH
999 _c89504
_d89504